00514nam a2200181Ia 4500008004100000082002600041100002300067245005900090260002400149260000900173260000900182300000900191500004300200650001300243650001900256650002700275650003000302260312s9999 xx 000 0 und d a342.43 R426l 2006 HNA aEditorial Porrúa 0aLey fundamental de la República Federal de Alemania. aDeutscher Bundestag bs.l. c2006 a97p. aColección Humberto Nogueira Alcalá aAlemania aConstitución aDerecho constitucional aRepública Popular China